000 00656nam a22001937a 4500
999 _c187074
_d187074
005 20220330145301.0
010 _aENG-132167
020 _a9789391370633
_c550.00
035 _aEN-115699
037 _bDBAD/PUB
082 _a658.3008
100 _aJena, Swati
245 _aDiversity Beyond Tokenism:
_bWhy Being Politically Correct Doesn't Help Anyone/
_cSwati Jena and T.N. Hari
260 _aNew Delhi
_bSage Publication India Pvt Ltd
_c2021
270 _aB-I/I-I, Mohan Cooperative Industrial Area, Mathura Road
_bNew Delhi
_e110044
300 _axxi, 276p
_c21cm(pbk)
700 _aHari, T.N.
942 _2ddc
_cEN
_mJEN
_h658.3008